000 00552nam a2200217Ia 4500
003 OSt
005 20221005121104.0
006 a|||||r|||| 00| 0
007 ta
008 221004b |||||||| |||| 00| 0 guj d
024 _a46133
037 _cTextual
040 _aCRL
_cCRL
_bguj
041 _2guj
_aguj
082 _aR65,6:g, 156J0
100 _aPardhi Hariparsad
_9630043
245 0 _aGeetano nitimarg
650 _aBHAGAVAD GITA
942 _hR65,6:g, 156J0
_cTEXL
_2cc
999 _c1040039
_d1040039